• 首页
  • 本馆介绍
  • 公告通知
  • 最新文献
  • 馆藏检索
  • 电子资源
  • 读者导购
  • 参考咨询
  • 我的图书馆
  • 登录
  • 详细信息显示
  • 放入我的书架
  • 预约/预借图书
  • 作者相关作品
  • 分类相关作品
  • 丛书相关作品
  • 出版社相关作品

书目信息

  • 表格格式
  • 工作单格式
  • 卡片格式
题名:
革命与媒介
    
 
作者: 丁苗苗 著
分册:  
出版信息: 上海   上海三联书店  2016
页数: 307页
开本: 21cm
丛书名: 浙江省哲学社会科学规划后期资助课题成果文库
单 册:
中图分类: K257.07
科图分类:
主题词: 辛亥革命--Xin Hai Ge Ming--报刊--新闻事业史--研究--中国--近代
电子资源:
ISBN: 978-7-5426-5323-9
000 01434nam0 22002891 450
001 349705
005 20161010153057.95
010    @a978-7-5426-5323-9@dCNY42.00
100    @a20160325d2016 em y0chiy50 ea
101 0  @achi
102    @aCN@b310000
105    @aa z 000yy
106    @ar
200 1  @a革命与媒介@AGe Ming Yu Mei Jie@e辛亥首义的报刊动员及报道@dRevolution and media@ethe research on newspaper mobilization and reports of 1911 revolution@f丁苗苗著@zeng
210    @a上海@c上海三联书店@d2016
215    @a307页@c图@d21cm
225 2  @a浙江省哲学社会科学规划后期资助课题成果文库@AZhe Jiang Sheng Zhe Xue She Hui Ke Xue Gui Hua Hou Qi Zi Zhu Ke Ti Cheng Guo Wen Ku
300    @a浙江省哲学社会科学规划后期资助项目 浙江省社科联研究课题最终成果 浙江大学人文学部自主科研项目研究成果 浙江大学董氏文史哲研究奖励基金资助出版
330    @a本书包括辛亥革命的舆论准备、武汉地区的革命培育、武汉报纸的首义反应、外省报纸的首义报道等内容。
461  0 @12001 @a浙江省哲学社会科学规划后期资助课题成果文库
510 1  @aRevolution and media@ethe research on newspaper mobilization and reports of 1911 revolution@zeng
517 1  @a辛亥首义的报刊动员及报道@AXin Hai Shou Yi De Bao Kan Dong Yuan Ji Bao Dao
606 0  @a辛亥革命@AXin Hai Ge Ming@x报刊@x新闻事业史@x研究@y中国@z近代
690    @aK257.07@v5
701  0 @a丁苗苗@ADing Miao Miao@c(女)@4著
801  0 @aCN@bTANGWEI@20160730
905    @b0886350-4@dK257.07@e54@f5
    
    革命与媒介:辛亥首义的报刊动员及报道=Revolution and media:the research on newspaper mobilization and reports of 1911 revolution/丁苗苗著.-上海:上海三联书店,2016
    307页:图;21cm.-(浙江省哲学社会科学规划后期资助课题成果文库)
    浙江省哲学社会科学规划后期资助项目 浙江省社科联研究课题最终成果 浙江大学人文学部自主科研项目研究成果 浙江大学董氏文史哲研究奖励基金资助出版
    
    ISBN 978-7-5426-5323-9:CNY42.00
    本书包括辛亥革命的舆论准备、武汉地区的革命培育、武汉报纸的首义反应、外省报纸的首义报道等内容。
●
相关链接 在E读中查询图书 在五车中查询图书 在当当中查询图书 在豆瓣中查询图书


正题名:革命与媒介     索取号:K257.07/54         预约/预借

序号 登录号 条形码 馆藏地/架位号 状态 备注
1 0886350   208863504   第二样本阅览室/ [索取号:K257.07/54] 在馆    
2 0886351   208863513   第二借阅区/ [索取号:K257.07/54] 在馆    
3 0886352   208863522   史法系资料室/ [索取号:K257.07/54] 在馆    
4 0886353   208863531   第二借阅区/ [索取号:K257.07/54] 在馆    
5 0886354   208863540   第二借阅区/ [索取号:K257.07/54] 在馆    
唐山师范学院图书馆 欢迎您!
大连网信软件有限公司© 版权所有